Richest Asian Countries Quiz Stats

 Plays Quiz Updated Sep 16, 2016

Score 0/20 Timer 03:00
7 Plays Today
GDP Per Capita Country % Correct
$38,100Japan
96%
$36,500South Korea
86.7%
$53,600Saudi Arabia
86.7%
$67,600United Arab Emirates
86%
$85,300Singapore
84.4%
$132,100Qatar
80.4%
$25,400Russia
77.7%
$33,700Israel
77.7%
$17,300Iran
76.9%
$46,800Oman
74.7%
GDP Per Capita Country % Correct
$70,200Kuwait
74.5%
$44,600Taiwan
71.3%
$26,300Malaysia
69.5%
$20,400Turkey
68.3%
$50,100Bahrain
67.5%
$77,700Brunei
63.2%
$18,200Lebanon
55.7%
$24,300Kazakhstan
51.7%
$18,000Azerbaijan
48.9%
$16,400Turkmenistan
41.6%

You're not logged in!

Compare scores with friends on all Sporcle quizzes.
OR
Log In

Show Comments

Extras

Top Quizzes Today


Score Distribution

Your Account Isn't Verified!

In order to create a playlist on Sporcle, you need to verify the email address you used during registration. Go to your Sporcle Settings to finish the process.

Report this User

Report this user for behavior that violates our Community Guidelines.

Details: